<?xml version="1.0" encoding="UTF-8"?><?xml-stylesheet type="text/xsl" href="static/style.xsl"?><OAI-PMH xmlns="http://www.openarchives.org/OAI/2.0/" xmlns:xsi="http://www.w3.org/2001/XMLSchema-instance" xsi:schemaLocation="http://www.openarchives.org/OAI/2.0/ http://www.openarchives.org/OAI/2.0/OAI-PMH.xsd"><responseDate>2026-04-17T19:02:49Z</responseDate><request verb="GetRecord" identifier="oai:www.recercat.cat:10230/56295" metadataPrefix="marc">https://recercat.cat/oai/request</request><GetRecord><record><header><identifier>oai:recercat.cat:10230/56295</identifier><datestamp>2025-12-13T21:16:42Z</datestamp><setSpec>com_2072_6</setSpec><setSpec>col_2072_452952</setSpec></header><metadata><record xmlns="http://www.loc.gov/MARC21/slim" xmlns:dcterms="http://purl.org/dc/terms/" xmlns:xsi="http://www.w3.org/2001/XMLSchema-instance" xmlns:doc="http://www.lyncode.com/xoai" xsi:schemaLocation="http://www.loc.gov/MARC21/slim http://www.loc.gov/standards/marcxml/schema/MARC21slim.xsd">
   <leader>00925njm 22002777a 4500</leader>
   <datafield ind2=" " ind1=" " tag="042">
      <subfield code="a">dc</subfield>
   </datafield>
   <datafield ind2=" " ind1=" " tag="720">
      <subfield code="a">Lopera-Mármol, Marta</subfield>
      <subfield code="e">author</subfield>
   </datafield>
   <datafield ind2=" " ind1=" " tag="720">
      <subfield code="a">Jiménez-Morales, Manel</subfield>
      <subfield code="e">author</subfield>
   </datafield>
   <datafield ind2=" " ind1=" " tag="720">
      <subfield code="a">Jiménez Morales, Mònika</subfield>
      <subfield code="e">author</subfield>
   </datafield>
   <datafield ind2=" " ind1=" " tag="260">
      <subfield code="c">2023-03-21T07:07:55Z</subfield>
   </datafield>
   <datafield ind2=" " ind1=" " tag="260">
      <subfield code="c">2023-03-21T07:07:55Z</subfield>
   </datafield>
   <datafield ind2=" " ind1=" " tag="260">
      <subfield code="c">2023</subfield>
   </datafield>
   <datafield ind2=" " ind1=" " tag="520">
      <subfield code="a">L&amp;apos;article (Representación narrativa de la depresión, el TPA y el TEA en Atypical, My mad fat diary y The end of the f***ing world) també està disponible en castellà.</subfield>
   </datafield>
   <datafield ind2=" " ind1=" " tag="520">
      <subfield code="a">Television series act as one of the primary sources of information on mental and neurological disorders. However, research on the accurate representation of mental disorders and clinical reality still lacks, especially since it requires an interdisciplinary approach with higher complexity. This article analyses the narrative depiction of depression, autism without intellectual disability, and antisocial personality disorder in three case studies: Atypical (Netflix, 2017-present), My Mad Fat Diary (E4, 2013-2015), and The End of The F***ing World (E4 &amp;amp; Netflix, 2017-2019). The aim is to identify which stereotypes are still predominant on-screen and determine whether they are reliable with their clinical reality. Hence, the authors propose a narrative content analysis based on the medication, symptoms, diagnosis, and treatment according to the Diagnostic and Statistical Manual of Mental Disorders (DSM-5) and Stahl’s Essential Pharmacology Guide. The authors applied a methodology based on the standard analysis measurement of different case studies under a unified pattern for mental disorders’ intrinsic socio-economic and gender aspects. The results showed that TV series try to opt for better representations, but many still perpetuate misconceptions and misrepresentations due to a tension between showing realistic, educational values (edutainment) and opting for a gripping audio-visual and narrative drama. In conclusion, diverse realities are hardly achieved. Moreover, TV series criticise how the anger is placed on oneself instead of the system.</subfield>
   </datafield>
   <datafield tag="653" ind2=" " ind1=" ">
      <subfield code="a">TV series</subfield>
   </datafield>
   <datafield tag="653" ind2=" " ind1=" ">
      <subfield code="a">Mental disorders</subfield>
   </datafield>
   <datafield tag="653" ind2=" " ind1=" ">
      <subfield code="a">Representation</subfield>
   </datafield>
   <datafield tag="653" ind2=" " ind1=" ">
      <subfield code="a">Depression</subfield>
   </datafield>
   <datafield tag="653" ind2=" " ind1=" ">
      <subfield code="a">Autism</subfield>
   </datafield>
   <datafield tag="653" ind2=" " ind1=" ">
      <subfield code="a">Antisocial personality disorder</subfield>
   </datafield>
   <datafield ind2="0" ind1="0" tag="245">
      <subfield code="a">Narrative representation of depression, ASD, and ASPD in «Atypical», «My mad fat diary» and «The end of the f***ing world»</subfield>
   </datafield>
</record></metadata></record></GetRecord></OAI-PMH>